Normal view
MARC view
Entry Personal Name
001 - CONTROL NUMBER
- control field: 30266
003 - CONTROL NUMBER IDENTIFIER
- control field: dpl
005 - DATE AND TIME OF LATEST TRANSACTION
- control field: 20110728104510.0
008 - FIXED-LENGTH DATA ELEMENTS
- fixed length control field: 110728|||a|||||| | ||| d
040 ## - CATALOGING SOURCE
- Original cataloging agency: dpl
- Transcribing agency: dpl
100 ## - HEADING--PERSONAL NAME
- Personal name: महेश दर्पण
670 ## - SOURCE DATA FOUND
- Source citation: Work cat.: (dpl)43643: महेश दर्पण, पूश्किन के देस में /, 2010
670 ## - SOURCE DATA FOUND
- Source citation: Work cat.: (dpl)43643: महेश दर्पण, पूश्किन के देस में /, 2010
